000 00615nam a22001937a 4500
005 20180706123849.0
010 _aENG-123395
020 _c90.00
_a10HE000061
035 _aEN-106927
037 _bDBAD/PUB
082 _a880
245 0 0 _aEssays of wisdom :
_ced. by Madhavi Moharil [and] Sudesh Bhowate
_ban anthology of english essays /
260 _aNew Delhi
_bS. Chand and Company
_c2018
270 _a7361, Ram Nagar,
_bNew Delhi
_e110055
300 _a80p.
_c21cm(pbk)
500 _aIt includes glossary and comprehension
700 _aBhowate, Sudesh
942 _2ddc
_cEN
_mESS
_h880
999 _c153492
_d153492